书目信息 |
| 题名: |
常微分方程
|
|
| 作者: | 王高雄 编 | |
| 分册: | ||
| 出版信息: | 北京 高等教育出版社 1983.09 |
|
| 页数: | 381页 | |
| 开本: | 20cm | |
| 丛书名: | ||
| 单 册: | ||
| 中图分类: | O175.1 | |
| 科图分类: | ||
| 主题词: | 数学分析 | |
| 电子资源: | ||
| ISBN: | 7-04-001228-6 | |
| 000 | 00600nam0 2200217 45 | |
| 001 | 0238068730 | |
| 005 | 2002061010342814 | |
| 010 | @a7-04-001228-6@dRMB 11.90 | |
| 100 | @a20020610d1983 km y0chiy0120 ea | |
| 101 | 0 | @achi |
| 102 | @aCN@b110000 | |
| 200 | 1 | @a常微分方程@Achang wei fen fang cheng@f王高雄等编@Fwang gao xiong deng bian |
| 205 | @a2版 | |
| 210 | @a北京@c高等教育出版社@d1983.09 | |
| 215 | @a381页@d20cm | |
| 300 | @a高等学校教材 | |
| 606 | 0 | @a数学分析 |
| 690 | @aO175.1@v3 | |
| 701 | 0 | @a王高雄@Awang gao xiong@4编 |
| 801 | 0 | @aCN@bPFT@c20020610 |
| 905 | @a安徽大学@dO175.1@eW180 | |
| 常微分方程/王高雄等编.-2版.-北京:高等教育出版社,1983.09 |
| 381页;20cm |
| 高等学校教材 |
| ISBN 7-04-001228-6:RMB 11.90 |
| ● |
| 相关链接 |
|
|
|
正题名:常微分方程
索取号:O175.1/W180
 
预约/预借
| 序号 | 登录号 | 条形码 | 馆藏地/架位号 | 状态 | 备注 |
| 1 | 363320 | 203633201 | 自科库401/401自科库 45排2列5层/ [索取号:O175.1/W180] | 在馆 | |
| 2 | 363321 | 203633210 | 数理学院资料室/ [索取号:O175.1/W180] | 在馆 | |
| 3 | 363322 | 203633229 | 数理学院资料室/ [索取号:O175.1/W180] | 在馆 |